Enabling poor rural people to overcome poverty: our goal is to empower poor rural women and men........ (Record no. 41803)

MARC details
000 -LEADER
fixed length control field 00616nam a2200133 a 4500
008 - FIXED-LENGTH DATA ELEMENTS--GENERAL INFORMATION
fixed length control field 090728s2008 ||||||||||||||||| || u
050 ## - LIBRARY OF CONGRESS CALL NUMBER
Classification number IFAD(02)
110 ## - MAIN ENTRY--CORPORATE NAME
Corporate name or jurisdiction name as entry element International Fund for Agricultural Department
245 10 - TITLE STATEMENT
Title Enabling poor rural people to overcome poverty: our goal is to empower poor rural women and men........
260 ## - PUBLICATION, DISTRIBUTION, ETC.
Place of publication, distribution, etc. Rome
Name of publisher, distributor, etc. International fund for Agricultural Department
Date of publication, distribution, etc. 2008
300 ## - PHYSICAL DESCRIPTION
Extent 24p. ;ill
350 ## - PRICE (NR) (BK AM CF MU VM SE) [OBSOLETE]
Price 0.00
995 ## - RECOMMENDATION 995 [LOCAL, UNIMARC FRANCE]
-- 0.00
-- CBU-MAIN LIBRARY (Kitwe)
-- 1
-- 0.00
-- 1
-- AVAILABLE
-- Aug 6, 2009
-- International Publications
Holdings
Withdrawn status Lost status Source of classification or shelving scheme Damaged status Not for loan Home library Current library Shelving location Date acquired Total Checkouts Full call number Barcode Date last seen Price effective from Koha item type
          CBU-MAIN LIBRARY, KITWE. CBU-MAIN LIBRARY, KITWE.   11/30/2022   IFAD(02) 9789290720515 11/30/2022 11/30/2022 MONOGRAPH